| 000 | 00756nam a2200241Ia 4500 | ||
|---|---|---|---|
| 003 | OSt | ||
| 005 | 20220927105157.0 | ||
| 006 | a|||||r|||| 00| 0 | ||
| 007 | ta | ||
| 008 | 220926b |||||||| |||| 00| 0 eng d | ||
| 024 | _a179928 | ||
| 037 | _cReference Collections | ||
| 040 |
_aRTL _cRTL _beng |
||
| 041 |
_2eng _aeng |
||
| 082 | _a"X9(D65).275.N84<N83, M3/GD" | ||
| 110 |
_aCALCUTTA ELECTRIC SUPPLY CORPORATION (INDIA) _9370684 |
||
| 245 | 0 | _a"REport and accounts,1983-1984." | |
| 260 |
_aCalcutta _bCESC _c1983 |
||
| 300 |
_a63p. _ccm. |
||
| 700 |
_aCALCUTTA ELECTRIC SUPPLY CORPORATION (INDIA) _9370685 |
||
| 942 |
_h"X9(D65).275.N84<N83, M3/GD" _cCC |
||
| 999 |
_c691020 _d691020 |
||